1851 1808 1974 1887 1587 1923 1314 1664 1886 1536 1760 1731 1901 1779 1718 1696 1593 1258 1154 1340 1778 1573 1885 1111 1419 1843 1715 1486 1541 1444 1410 1826 1645 1570 1229 1541 1172 1098 1351 1828 1857 1949 1244 1187 1700 1042 1773 1113 1953 1217 1593 1188 1873 1823 1496 1994 1320 1925 1376 1348 1745 1186 1258 1936 1983 1392 1912 1342 1868 1007 1815 1716 1943 1700 1754 1395 1438 1016 1881 1908 1104 1439 1882 1799 1947 1112 1808 1897 1469 1069 1644 1721 1046 1780 1689 1792 1989 1809 1012 BCNSPRNW ULIB Ver.6.0+V

เปลี่ยนเป็นภาษาไทย

Change to English
 แสดงรายละเอียดบรรณานุกรม
  กลับหน้าหลัก

Brief Record : Get Marc (ISO 2709) : E-mail record : QR code < ปิดหน้าต่าง
LEADER : 00000nam 2200000uu 4500
001    13399126300
003     ULIB
008    180905s2559||||th 000 0 tha d
020    ^a9786164130630
060 04 ^aWY157^bอ886ก
100 0  ^aเอมพร รตินธร
245 10 ^aการดูแลต่อเนื่อง หัวใจในการพัฒนาคุณภาพการปฏิบัติการผดุงครรภ์ =^bContinuity of care : the core of quality improvement in midwifery practice/^cเอมพร รตินธร
246 30 ^aการพัฒนาคุณภาพการปฏิบัติการผดุงครรภ์
246 31 ^aContinuity of care :^bthe core of quality improvement in midwifery practice
250    ^aพิมพ์ครั้งที่ 1
260    ^aกรุงเทพฯ :^bคณะพยาบาลศาสตร์ มหาวิทยาลัยมหิดล,^c2559
300    ^aก-ง, 108 หน้า :^bภาพประกอบ, ตาราง ;^c23 ซม.
505 0  ^aบทที่ 1 บทนำ : การดูแลต่อเนื่องโดยผดุงครรภ์สำคัญอย่างไรในการปฏิบัติการผดุงครรภ์ -- บทที่ 2 การดูแลต่อเนื่องโดยผดุงครรภ์คืออะไร -- บทที่ 3 ทำอย่างไรหากต้องการให้เกิดการดูแลต่อเนื่องโดยผดุงครรภ์ในระบบบริการสุขภาพ -- บทที่ 4 ตัวอย่าง : การพัฒนาระบบการดูแลต่อเนื่องโดยผดุงครรภ์สำหรับสตรีตั้งครรภ์วัยรุ่น -- บทที่ 5 บทสรุป : ก้าวต่อไปเพื่อการเริ่มต้น
650  7 ^aการพยาบาลสูติศาสตร์
650  7 ^aการฝากครรภ์
650  7 ^aครรภ์ในวัยรุ่น
650  7 ^aครรภ์
710 2  ^aมหาวิทยาลัยมหิดล. ^bคณะพยาบาลศาสตร์
945    ^p130^l0^i26515
945    ^p130^l0^i26516
999    ^aกัณชพร จุลอักษร
รายการนี้ยังไม่มีแท็ก
คุณยังไม่ได้ล็อกอิน คุณสามารถมีกิจกรรมร่วมกับเว็บไซต์ได้ แต่ต้องล็อกอินก่อน ::
  ล็อกอิน

รายการสื่อสารสนเทศ

ลำดับที่ ประเภท เลขเรียก/บาร์โค้ด สถานที่ สถานะ
1. หนังสือสำรอง
หนังสือสำรอง
WY157 อ886ก ฉ.1 
  Barcode: 26515
ห้องสมุดวิทยาเขตนครสวรรค์
►หนังสือทั่วไป:l:General Books
บนชั้น
2. วิทยาศาสตร์การแพทย์ และสุขภาพ
วิทยาศาสตร์การแพทย์ และสุขภาพ
WY157 อ886ก ฉ.2 
  Barcode: 26516
ห้องสมุดวิทยาเขตนครสวรรค์
►หนังสือทั่วไป:l:General Books
บนชั้น

รายการใกล้เคียง
    ผู้แต่ง [เอมพร รตินธร]

    หัวเรื่อง [การพยาบาลสูติศาสตร์]
    หัวเรื่อง [การฝากครรภ์]
    หัวเรื่อง [ครรภ์ในวัยรุ่น]
    หัวเรื่อง [ครรภ์]

BibComment


ยังไม่เคยถูกคอมเมนท์

คอมเมนท์ทรัพยากรรายการนี้
  คอมเมนท์: การดูแลต่อเนื่อง..


 Copyright 2026. Bcnsprnw @Library